Normal view
MARC view
- Kuethe, Arnold M ,. Chow, Chuen Yen
Entry Personal Name
001 - CONTROL NUMBER
- control field: 68065
003 - CONTROL NUMBER IDENTIFIER
- control field: NUST
005 - DATE AND TIME OF LATEST TRANSACTION
- control field: 20210628203950.0
008 - FIXED-LENGTH DATA ELEMENTS
- fixed length control field: 210628|| aca||aabn | a|a d
040 ## - CATALOGING SOURCE
- Original cataloging agency: NUST
- Transcribing agency: NUST
100 ## - HEADING--PERSONAL NAME
- Personal name: Kuethe, Arnold M ,. Chow, Chuen Yen
670 ## - SOURCE DATA FOUND
- Source citation: Work cat.: (NUST): Kuethe, Arnold M ,. Chow, Chuen Yen, Foundations of aerodynamics , bases of aerodynamics design, 1986
